000
00464nam a2200157Ia 4500
008
090124s9999 xx 000 0 und d
082
_b
16226
_a
1022
245
_a
दर्यावर्दी कोलंबस
250
_a
1
260
_c
1967
300
_a
157
630
_a
दर्यावर्दी कोलंबस
700
_a
किणीकर रॉय
730
_a
दर्यावर्दी कोलंबस
942
_c
BOOK
999
_c
130166
_d
130166